Comunas de Chile más adivinadas en JetPunk - Estadísticas

Estadísticas generales
  • Esta prueba ha sido intentada 79 veces
  • La puntuación promedio es 15 de 27
Estadísticas de respuestas
Porcentaje Comuna % Correcto
86% Santiago
92%
79% Valparaíso
80%
86% Las Condes
77%
76% Viña del Mar
76%
89% Arica
71%
77% Concepción
70%
83% Talca
68%
77% Puente Alto
67%
83% Puerto Montt
65%
80% Antofagasta
64%
82% Iquique
64%
82% Maipú
64%
75% La Serena
62%
76% Vitacura
59%
79% Providencia
58%
75% Rancagua
55%
76% Lo Barnechea
47%
80% Ñuñoa
47%
82% Valdivia
44%
77% Curicó
42%
77% La Reina
41%
79% Osorno
38%
77% Copiapó
35%
76% Melipilla
26%
76% San Antonio
18%
77% Quillota
15%
75% Tocopilla
6%
No se encontraron pruebas coincidentes
Distribución de puntuación
Porcentaje de gente con cada puntuación
Porcentaje por número respondido
Historial de tus puntuaciones
No has intentado esta prueba.